<?xml version="1.0" encoding="UTF-8"?><?xml-stylesheet type="text/xsl" href="static/style.xsl"?><OAI-PMH xmlns="http://www.openarchives.org/OAI/2.0/" xmlns:xsi="http://www.w3.org/2001/XMLSchema-instance" xsi:schemaLocation="http://www.openarchives.org/OAI/2.0/ http://www.openarchives.org/OAI/2.0/OAI-PMH.xsd"><responseDate>2026-06-01T02:20:16Z</responseDate><request verb="GetRecord" identifier="oai:riuma.uma.es:10630/27988" metadataPrefix="marc">https://riuma.uma.es/rest/oai/request</request><GetRecord><record><header><identifier>oai:riuma.uma.es:10630/27988</identifier><datestamp>2026-02-03T12:11:44Z</datestamp><setSpec>com_10630_2254</setSpec><setSpec>col_10630_37959</setSpec></header><metadata><record xmlns="http://www.loc.gov/MARC21/slim" xmlns:dcterms="http://purl.org/dc/terms/" xmlns:doc="http://www.lyncode.com/xoai" xmlns:xsi="http://www.w3.org/2001/XMLSchema-instance" xsi:schemaLocation="http://www.loc.gov/MARC21/slim http://www.loc.gov/standards/marcxml/schema/MARC21slim.xsd">
   <leader>00925njm 22002777a 4500</leader>
   <datafield ind2=" " ind1=" " tag="042">
      <subfield code="a">dc</subfield>
   </datafield>
   <datafield ind2=" " ind1=" " tag="720">
      <subfield code="a">Cánovas-Ramos, Francisco Miguel</subfield>
      <subfield code="e">author</subfield>
   </datafield>
   <datafield ind2=" " ind1=" " tag="720">
      <subfield code="a">Castro-Rodríguez, Vanessa Viviana</subfield>
      <subfield code="e">author</subfield>
   </datafield>
   <datafield ind2=" " ind1=" " tag="720">
      <subfield code="a">Llebrés, María Teresa</subfield>
      <subfield code="e">author</subfield>
   </datafield>
   <datafield ind2=" " ind1=" " tag="720">
      <subfield code="a">Blanca Reyes, Irene Victoria</subfield>
      <subfield code="e">author</subfield>
   </datafield>
   <datafield ind2=" " ind1=" " tag="720">
      <subfield code="a">Medina Morales, Beatriz</subfield>
      <subfield code="e">author</subfield>
   </datafield>
   <datafield ind2=" " ind1=" " tag="720">
      <subfield code="a">Ávila-Sáez, Concepción</subfield>
      <subfield code="e">author</subfield>
   </datafield>
   <datafield ind2=" " ind1=" " tag="260">
      <subfield code="c">2023</subfield>
   </datafield>
   <datafield ind2=" " ind1=" " tag="520">
      <subfield code="a">El concepto de bioeconomía tiene un papel cada vez más importante dentro del marco económico y ecológico global, considerándose hoy en día un pilar fundamental para un crecimiento sostenible. Un elemento esencial del desarrollo bioeconómico es la disponibilidad de una gran fuente renovable de biomasa y su conversión posteriormente en derivados de interés de diversa índole como materiales y energía. El Grupo de Biología Molecular y Biotecnología de la Universidad de Málaga desarrolla actividades encaminadas a conocer cómo el uso eficiente de los nutrientes nitrogenados determina el desarrollo vascular y la acumulación de biomasa en árboles. Los esfuerzos de investigación se han dirigido a estudiar la regulación molecular de la adquisición, asimilación y reciclaje de nitrógeno (N) para la biosíntesis de aminoácidos. Los estudios se han realizado en pino marítimo (Pinus pinaster Aiton), especie arbórea de gran importancia económica y ecológica en el área mediterránea y modelo relevante para la investigación genómica de coníferas. En el marco de varios proyectos europeos se han generado recursos genómicos y se ha establecido una plataforma tecnológica para la realización de estudios funcionales de genes en coníferas mediante embriogénesis somática. Se han producido líneas transgénicas (sobreexpresión y silenciamiento) para genes reguladores implicados en el metabolismo del N. Actualmente se exploran las propiedades moleculares y la regulación de genes implicados en la biosíntesis y el destino metabólico de la fenilalanina y la arginina, aminoácidos clave para la economía del N y la producción de biomasa en las coníferas. Se presenta una descripción general del programa de investigación y el papel de la biotecnología en el mismo.</subfield>
   </datafield>
   <datafield ind1="8" ind2=" " tag="024">
      <subfield code="a">https://hdl.handle.net/10630/27988</subfield>
   </datafield>
   <datafield tag="653" ind2=" " ind1=" ">
      <subfield code="a">Coníferas - Biotecnología</subfield>
   </datafield>
   <datafield tag="653" ind2=" " ind1=" ">
      <subfield code="a">Nitrógeno - Metabolismo</subfield>
   </datafield>
   <datafield ind2="0" ind1="0" tag="245">
      <subfield code="a">Biotecnología del metabolismo del nitrógeno en plantas de interés forestal: implicaciones en bioeconomía</subfield>
   </datafield>
</record>
</metadata></record></GetRecord></OAI-PMH>